Statistiken für Gemeinden am Wörthersee

Klicken Sie hier um das Quiz zu spielen!

Allgemein

  • Dieses Quiz wurde 13 mal gespielt
  • Das Durchschnittsergebnis liegt bei 5 aus 7

Antwortstatistiken

EinwohnerGemeinde% Korrekt
101.765Klagenfurt am Wörthersee
100%
9.105Velden am Wörther See
92%
2.860Pörtschach am Wörther See
85%
3.505Krumpendorf am Wörthersee
69%
1.616Maria Wörth
54%
2.647Schiefling am Wörthersee
38%
2.201Techelsberg am Wörther See
38%

Verteilung der Resultate

Perzentil nach korrekt beantworteten Fragen

Anzahl Personen mit jedem Resultat

Ihre Resultats-Entwicklung

Sie haben dieses Quiz noch nicht gespielt